مہ و سال آشنائی (Record no. 234699)

000 -LEADER
fixed length control field nam a22 7a 4500
003 - CONTROL NUMBER IDENTIFIER
control field Nust
005 - DATE AND TIME OF LATEST TRANSACTION
control field 20170329151811.0
008 - FIXED-LENGTH DATA ELEMENTS--GENERAL INFORMATION
fixed length control field 170329b xxu||||| |||| 00| 0 eng d
040 ## - CATALOGING SOURCE
Transcribing agency DLC
082 ## - DEWEY DECIMAL CLASSIFICATION NUMBER
Classification number 910.47 FAI
100 ## - MAIN ENTRY--PERSONAL NAME
Personal name فیض،احمد فیض
245 ## - TITLE STATEMENT
Title مہ و سال آشنائی
260 ## - PUBLICATION, DISTRIBUTION, ETC.
Place of publication, distribution, etc. Karachi :
Name of publisher, distributor, etc. Danyal Pub,
300 ## - PHYSICAL DESCRIPTION
Extent 136p. :
942 ## - ADDED ENTRY ELEMENTS (KOHA)
Source of classification or shelving scheme
Koha item type Book
Holdings
Withdrawn status Lost status Source of classification or shelving scheme Damaged status Not for loan Permanent Location Current Location Date acquired Total Checkouts Full call number Barcode Date last seen Date last checked out Price effective from Koha item type
          School of Civil and Environmental Engineering (SCEE) School of Civil and Environmental Engineering (SCEE) 03/29/2017 1 910.47 FAI NIT-7375 02/21/2024 02/01/2024 03/29/2017 Book
© 2023 Central Library, National University of Sciences and Technology. All Rights Reserved.